ARRUPE JESUIT UNIVERSITY

CORONAVIRUS -STOP THE SPREAD - CLEAN,DISINFECT,COVER

Models of intelligence : (Record no. 124027)

MARC details
000 -LEADER
fixed length control field 03042cam a22003254a 4500
001 - CONTROL NUMBER
control field 12961526
003 - CONTROL NUMBER IDENTIFIER
control field ARRUPE
005 - DATE AND TIME OF LATEST TRANSACTION
control field 20160126105531.0
008 - FIXED-LENGTH DATA ELEMENTS--GENERAL INFORMATION
fixed length control field 021009s2003 dcua b 001 0 eng
010 ## - LIBRARY OF CONGRESS CONTROL NUMBER
LC control number 2002151674
020 ## - INTERNATIONAL STANDARD BOOK NUMBER
International Standard Book Number 1557989710 (alk. paper)
040 ## - CATALOGING SOURCE
Original cataloging agency DLC
Transcribing agency DLC
Modifying agency DLC
042 ## - AUTHENTICATION CODE
Authentication code pcc
050 00 - LIBRARY OF CONGRESS CALL NUMBER
Classification number BF431
Item number .M5584 2003
082 00 - DEWEY DECIMAL CLASSIFICATION NUMBER
Classification number 153.9
Edition number 21
300 ## - PHYSICAL DESCRIPTION
Other physical details ill. ;
Dimensions 26 cm.
245 00 - TITLE STATEMENT
Title Models of intelligence :
Remainder of title international perspectives /
Statement of responsibility, etc edited by Robert J. Sternberg, Jacques Lautrey, and Todd I. Lubart.
250 ## - EDITION STATEMENT
Edition statement 1st ed.
260 ## - PUBLICATION, DISTRIBUTION, ETC. (IMPRINT)
Place of publication, distribution, etc Washington, DC :
Name of publisher, distributor, etc American Psychological Association,
Date of publication, distribution, etc c2003.
300 ## - PHYSICAL DESCRIPTION
Extent xvi, 373 p. :
440 #0 - SERIES STATEMENT/ADDED ENTRY--TITLE
Title Decade of behavior
9 (RLIN) 21770
504 ## - BIBLIOGRAPHY, ETC. NOTE
Bibliography, etc Includes bibliographical references and indexes.
505 0# - FORMATTED CONTENTS NOTE
Formatted contents note Where are we in the field of intelligence, how did we get here, and where are we going? / Robert J. Sternberg, Jacques Lautrey, and Todd I. Lubart -- Complexity in human intelligence / Lazar Stankov -- Three distinct meanings of intelligence / Howard Gardner -- Construct validity of the theory of successful intelligence / Robert J. Sternberg -- The development of intelligence : behavioral genetic approaches / Stephen A. Petrill -- Intraindividual fluctuations in intellectual functioning : selected links between nutrition and the mind / Elena L. Grigorenko -- A pluralistic approach to cognitive differentiation and development / Jacques Lautrey -- Connectionist models of development, developmental disorders, and individual differences / Michael Thomas and Annette Karmiloff-Smith -- Themes in the aging of intelligence : robust decline with intriguing possibilities / Roger A. Dixon -- The stability of individual differences in intellectual development : empirical evidence, theoretical problems, and new research questions / Franz E. Weinert and Ernst A. Hany -- Brain imaging studies of intelligence : individual differences and neurobiology / Richard J. Haier -- Measuring intelligence in a dynamic systems and contextualist framework / Paul van Geert -- A problem-solving model as a tool for analyzing adaptive behavior / Jean-François Richard and Mojdeh Zamani -- Dynamic assessment with diagnostic programs / Jürgen Guthke and Jens F. Beckmann -- Cognitive training for individuals with deficits / Even Loarer -- The value of emotional intelligence / Peter Salovey and David A. Pizarro -- In search of creative intelligence / Todd I. Lubart -- Intelligence and temperament / Edward Nęcka -- Intelligence from the artificial intelligence perspective / Roger Schank -- Beyond the traditional scope of intelligence : wisdom in action / Ute Kunzmann and Paul B. Baltes.
650 #0 - SUBJECT ADDED ENTRY--TOPICAL TERM
Topical term or geographic name as entry element Intellect.
9 (RLIN) 14396
700 1# - ADDED ENTRY--PERSONAL NAME
Personal name Sternberg, Robert J.
9 (RLIN) 21771
700 1# - ADDED ENTRY--PERSONAL NAME
Personal name Lautrey, Jacques.
9 (RLIN) 21772
700 1# - ADDED ENTRY--PERSONAL NAME
Personal name Lubart, Todd I.
9 (RLIN) 21773
906 ## - LOCAL DATA ELEMENT F, LDF (RLIN)
a 7
b cbc
c orignew
d 1
e ecip
f 20
g y-gencatlg
942 ## - ADDED ENTRY ELEMENTS (KOHA)
Source of classification or shelving scheme Library of Congress Classification
Koha item type Monograph ( Printed materials)
Holdings
Withdrawn status Lost status Source of classification or shelving scheme Damaged status Not for loan Collection code Home library Current library Shelving location Date acquired Total Checkouts Full call number Barcode Date last seen Date checked out Price effective from Koha item type
    Library of Congress Classification     Main Collection ARRUPE LIBRARY ARRUPE LIBRARY Main Collection 26/01/2016 4 BF431 .M5584 2002 46500006113 13/05/2024 22/05/2023 26/01/2016 Monograph ( Printed materials)

 

Arrupe Library. PO Box MP320 Mt Pleasant, Harare, Zimbabwe
263 242 745411|librarian@aju.ac.zw